000 00468nam a22001812 4500
001 0000005611
005 20151217160109.0
008 070620s xx 000 0 eng d
040 _aKABU
_cKABU
050 0 _aPZ8.1
_b.A6M67
100 1 _aAppe, James.
_@0000156856
245 1 0 _aMore stories from Uganda.
260 _aNairobi :
_bEAEP,
_c1994.
300 _a80 p.
908 _a070620
950 _@1
999 _c14179
_d14179